| 000 | 01538nam0a2200337 4500 | ||
|---|---|---|---|
| 001 | RU\NLR\BIBL_A\011150822 | ||
| 005 | 201609050504 | ||
| 010 |
_a978-5-9795-1514-4 _9500 |
||
| 021 |
_aRU _b2016-44248 _92836 |
||
| 035 | _a(NLR Aleph) 011150822 | ||
| 035 | _a(NILC)RuMoRGB-008502748 | ||
| 090 |
_a11672264 _c11672264 |
||
| 100 | _a20160614d2016 km y0rusy50 ca | ||
| 101 | 0 | _arus | |
| 102 |
_aRU _aRU |
||
| 105 | _ay|||z|||000yy | ||
| 200 | 1 |
_aЛексико-семантические процессы в немецкой авиационной терминосистеме _fН. С. Шарафутдинова _gМ-во образования и науки Российской Федерации, Федеральное гос. бюджетное образовательное учреждение высш. проф. образования "Ульяновский гос. технический ун-т" |
|
| 210 |
_aУльяновск _cУлГТУ _d2016 |
||
| 215 |
_a204 с. _d20 |
||
| 320 | _aБиблиогр.: с. 181-202 | ||
| 606 | 1 |
_aНемецкий язык _xТерминология авиационная _2nlr_sh2 _3RU\NLR\AUTH\6601587426 |
|
| 610 | 0 | _aнемецкая авиационная терминосистема | |
| 675 | _a811.112.2 | ||
| 686 | 1 | _aШ143.24-34 | |
| 700 | 1 |
_aШарафутдинова _bН. С. _gНасима Саетовна |
|
| 801 | 0 |
_aRU _bРГБ _c20160530 _gRCR |
|
| 942 | _cBOOK | ||
| 980 | _aNBR | ||
| 980 | _aNB | ||